Socker och söta saker : (Post nr. 42296)
[ visa ren ]
| 000 -LEADER | |
|---|---|
| fixed length control field | 00501cam a2200145 a 4500 |
| 005 - DATE AND TIME OF LATEST TRANSACTION | |
| control field | 20210318153631.0 |
| 008 - FIXED-LENGTH DATA ELEMENTS--GENERAL INFORMATION | |
| fixed length control field | 150417s2015 sw |||||||||||000 0|swe|d |
| 020 ## - INTERNATIONAL STANDARD BOOK NUMBER | |
| International Standard Book Number | 9789171085719 |
| 082 04 - DEWEY DECIMAL CLASSIFICATION NUMBER | |
| Classification number | 339.4864133609485 |
| Edition number | 23/swe |
| 100 1# - MAIN ENTRY--PERSONAL NAME | |
| Personal name | Torell, Ulrika, |
| Dates associated with a name | 1963- |
| Relationship | aut |
| Authority record control number or standard number | https://libris.kb.se/86lnq2ks49c2r0w#it |
| 245 10 - TITLE STATEMENT | |
| Title | Socker och söta saker : |
| Remainder of title | en kulturhistorisk studie av sockerkonsumtionen i Sverige / |
| Statement of responsibility, etc. | Ulrika Torell. |
| 300 ## - PHYSICAL DESCRIPTION | |
| Extent | 367 s. |
| Other physical details | ill. |
| Dimensions | 22 cm |
| 500 ## - GENERAL NOTE | |
| Institution to which field applies | Li |
| General note | Pliktex. |
| 942 ## - ADDED ENTRY ELEMENTS (KOHA) | |
| Source of classification or shelving scheme | Other/Generic Classification Scheme |
| Koha item type | Bok |
| Withdrawn status | Lost status | Source of classification or shelving scheme | Damaged status | Not for loan | Home library | Current library | Date acquired | Total Checkouts | Full call number | Barcode | Date last seen | Price effective from | Koha item type |
|---|---|---|---|---|---|---|---|---|---|---|---|---|---|
| Other/Generic Classification Scheme | Karlskoga Lasarettsbibliotek | Karlskoga Lasarettsbibliotek | 18/03/2021 | M | 8004146117742 | 18/03/2021 | 18/03/2021 | Bok |